000 01562nam a22003977a 4500
003 CHAP
005 20220329133935.0
008 971013s1980 r 00010 d
010 _a12976
011 _a13948
035 _a18021
040 _cCHAP
082 _a676
_bC3 1980
100 0 0 _aCasey, James P.
_eed.
_919815
245 _aPulp and paper
_b: chemistry and chemical technology
250 _a3 ed.
260 _aNew York :
_bWiley,
_c1980-19
300 _a4 v.
_b: ilus. ; gráfs.
500 _aLa biblioteca tiene: v.1, v.2
590 _aBATCH-UPD
_b10
_c20130110
_lUCH01
_h0106
590 _aBATCH-UPD
_b10
_c20130110
_lUCH01
_h1348
590 _aBATCH-UPD
_b10
_c20130410
_lUCH01
_h0846
590 _aBATCH-UPD
_b10
_c20130914
_lUCH01
_h0855
590 _aCONVERSION
_b10
_c20130109
_lUCH01
_h1308
650 1 4 _aPapel
_xFabricación y comercio.
_985372
650 1 4 _aPulpa de madera.
_993003
901 _aBK
942 _cLIBRO
949 _a676 C3 1980
_bBC
_cLIBRO
_d33724000107504
_eLIBRO
_fv.2
_h51618
_i18021
_si
949 _a676 C3 1980
_bBC
_cLIBRO
_d33724000107512
_eLIBRO
_fv.2 c.2
_h51619
_i18021
_si
_t1508.00
949 _a676 C3 1980
_bBC
_cLIBRO
_d33724000107520
_eLIBRO
_fv.2 c.3
_h51620
_i18021
_si
_t1508.00
949 _a676 C3 1980
_bBC
_cLIBRO
_d33724000146486
_eLIBRO
_fv.1 c.4
_h56090
_i18021
_si
949 _a676 C3 1980
_bBC
_cLIBRO
_d33724000146601
_eLIBRO
_fv.1 c.3
_h49085
_i18021
_si
949 _a676 C3 1980
_bBC
_cLIBRO
_d33724000146726
_eLIBRO
_fv.1 c.2
_h49084
_i18021
_si
949 _a676 C3 1980
_bBC
_cLIBRO
_d33724000146841
_eLIBRO
_fv.1
_h48525
_i18021
_si
999 _c12976
_d12976